000
00283nam a2200121Ia 4500
008
191206s9999 xx 000 0 und d
020
_a
797403817
090
_a
PR939045R48
245
0
_a
Rhodesian Poetry
250
_a
no. 14
260
_a
Poetry Society of Rhodesia
260
_c
c1978
999
_c
16814
_d
16814